| 000 | 00713nam a2200241 i 4500 | ||
|---|---|---|---|
| 001 | 6386 | ||
| 003 | ES-MaACL | ||
| 005 | 20231103062524.0 | ||
| 007 | t| | ||
| 008 | 891009s1989 fr ||||1| fre d | ||
| 020 | _a2-262-00425-0 | ||
| 080 | _a9(44)"1789/1799" | ||
| 080 | _a323.272(44)"1789/1799" | ||
| 100 | 1 |
_aSedillot, Rene. _9187167 |
|
| 245 | 1 | 3 |
_aLe Cout de la Revolution francaise / _cRene Sedillot. |
| 260 |
_aParis : _bPerrin, _c1989. |
||
| 300 |
_a285 p. ; _c23 cm. |
||
| 490 | 1 | _aVerites et legendes | |
| 651 | 4 |
_aFrancia- _xHistoria- _y1789-1799, Revolución _98685 |
|
| 830 | 0 |
_aVerites et legendes _9184070 |
|
| 852 |
_aES-MaACL _jL-13546 _bR.117157 _z. - rust. |
||
| 999 |
_c6386 _d6386 |
||